[Event "Madurai Athens of the East op-B U1600"]
[Site "Madurai"]
[Date "2023.12.28"]
[Round "4"]
[White "Aniket, Ranjan"]
[Black "Shanmugasundaram, G."]
[Result "1-0"]
[WhiteElo "1556"]
[BlackElo "1360"]
[PlyCount "87"]
[EventDate "2023.12.27"]
[EventType "swiss"]
[EventRounds "9"]
[EventCountry "IND"]
[SourceTitle "CB02_2024"]
[SourceDate "2024.01.10"]
[SourceVersion "1"]
[SourceVersionDate "2024.01.10"]
[SourceQuality "1"]

1. c4 e5 2. g3 Nf6 3. Bg2 Nc6 4. Nc3 Be7 5. e3 0-0 6. Nge2 Nb4 7. d3 c5 8. 0-0 Nc6 9. b3 d6 10. d4 exd4 11. exd4 Bf5 12. Bb2 Qc8 13. dxc5 dxc5 14. Nf4 Rd8 15. Qc1 Nd4 16. Kh1 Bf8 17. Ncd5 Nxd5 18. Nxd5 Nc2 19. Qg5 Rxd5 20. Bxd5 Nxa1 21. Rxa1 Qd7 22. Re1 Bh3 23. Qe3 Rd8 24. f3 b5 25. Kg1 bxc4 26. bxc4 Rb8 27. Qe5 Qd6 28. Kf2 Qb6 29. Re2 Bd7 30. Qf4 Be6 31. Bxe6 fxe6 32. Bc3 Re8 33. h4 Qb1 34. Rd2 Qh1 35. Rd7 Qh2+ 36. Ke1 Qg1+ 37. Kd2 Re7 38. Rxe7 Bxe7 39. Qe5 Qf2+ 40. Kc1 Bf8 41. Qxe6+ Kh8 42. Qf7 Qf1+ 43. Kb2 Qe2+ 44. Ka3 1-0